[Event "Landesliga U20 Sued 1011"]
[Site "Bayern"]
[Date "2011.04.02"]
[Round "6.4"]
[White "Mueller, Georg"]
[Black "Mayer, Maximilian"]
[Result "1-0"]
[WhiteElo "1663"]
[BlackElo "1085"]
[PlyCount "83"]
[EventDate "2010.10.16"]
[EventType "team-tourn"]
[EventRounds "7"]
[EventCountry "GER"]
[SourceTitle "EXT 2022"]
[Source "ChessBase"]
[SourceDate "2021.10.06"]
[SourceVersion "1"]
[SourceVersionDate "2021.10.06"]
[SourceQuality "1"]
[WhiteTeam "Klosterlechfeld U20"]
[BlackTeam "Ortenburg U20"]
[WhiteTeamCountry "GER"]
[BlackTeamCountry "GER"]

1. d4 d5 2. Bf4 Nf6 3. Nf3 Nc6 4. c3 e6 5. e3 Be7 6. Bd3 0-0 7. Nbd2 Bd7 8. Qc2 Qb8 9. Ne5 g6 10. Ndf3 Nxe5 11. Nxe5 b5 12. h4 b4 13. h5 bxc3 14. bxc3 Qe8 15. hxg6 fxg6 16. Bh6 Ba4 17. Qd2 Rf7 18. Nxf7 Qxf7 19. Bg5 a6 20. 0-0 Bb5 21. Bxb5 axb5 22. Rfe1 Ne4 23. Qb2 Bxg5 24. f3 Nd6 25. Qb4 Qd7 26. g3 c6 27. Kf2 Be7 28. Qb3 Ra3 29. Qc2 Nc4 30. e4 Bg5 31. f4 Be7 32. exd5 exd5 33. Re2 Ra8 34. Rae1 Bd6 35. Kf3 Rf8 36. Re6 Qf7 37. Qh2 Rc8 38. Qh4 Kh8 39. Re7 Bxe7 40. Rxe7 Qg8 41. Qf6+ Qg7 42. Qxg7# 1-0